| 000 | 01353cam a2200409Ia 4500 | ||
|---|---|---|---|
| 001 | 9442936 | ||
| 003 | USPCAS-E | ||
| 005 | 20180118181420.0 | ||
| 006 | m u | ||
| 007 | cr cn||||||||| | ||
| 008 | 100115s2010 njua s 000 0 eng d | ||
| 010 | _z 2010000196 | ||
| 020 | _z9780470446331 | ||
| 020 | _z9780470636879 | ||
| 035 | _a(CaPaEBR)ebr10411608 | ||
| 035 | _a(NNC)9442936 | ||
| 040 |
_aCaPaEBR _cCaPaEBR |
||
| 050 | 1 | 4 |
_aTK2960 _b.S652 2010eb |
| 082 | 0 | 4 |
_a621.31244 _222 _bSOL 2010 |
| 245 | 0 | 0 |
_aSolar cells and their applications _cedited by Lewis Fraas, Larry Partain. |
| 250 | _a2nd ed. | ||
| 260 |
_aHoboken, N.J. : _bWiley, _cc2010. |
||
| 300 |
_axiv, 627 p. : _bill. |
||
| 490 | 1 | _aWiley series in microwave and optical engineering | |
| 502 | _a. | ||
| 533 |
_aElectronic reproduction. _bPalo Alto, Calif. : _cebrary, _d2011. _nAvailable via World Wide Web. _nAccess may be limited to ebrary affiliated libraries. |
||
| 650 | 0 | _aSolar cells. | |
| 650 | 0 | _aSolar energy. | |
| 655 | 7 |
_aElectronic books. _2local |
|
| 700 | 1 | _aPartain, L. D. | |
| 700 | 1 | _aFraas, Lewis M. | |
| 710 | 2 | _aebrary, Inc. | |
| 830 | 0 | _aWiley series in microwave and optical engineering. | |
| 856 | 4 | 0 |
_uhttp://www.columbia.edu/cgi-bin/cul/resolve?clio9442936 _zClick here for full text. |
| 942 |
_2ddc _cBK |
||
| 999 |
_c355984 _d355984 |
||